Ordenanza para el régimen constitución y servicio de la milicia nacional local de la Península e islas adyacentes
Descripción Física:
42 p., [1] f. pleg. ; 10 cm
MARC
| LEADER | 00000nam a2200000Ia 4500 | ||
|---|---|---|---|
| 001 | 17545 | ||
| 008 | 160829s1822 xx 000 0 cat d | ||
| 080 | |a 81, exp. 8 | ||
| 245 | |a Ordenanza para el régimen constitución y servicio de la milicia nacional local de la Península e islas adyacentes | ||
| 260 | |a Barcelona : |b en la imprenta de Narcisa Dorca, |c 1822 | ||
| 300 | |a 42 p., [1] f. pleg. ; |c 10 cm | ||
| 650 | |a Espanya |x Forces armades |x S. XIX |x Reglament |9 48626 | ||
| 710 | 1 | |a Espanya. |b Monarca (1814-1833 : Ferran VII) |9 55406 | |
| 901 | |a Arxiu | ||
| 942 | |n 1 | ||
| 952 | |0 0 |1 0 |4 0 |6 81_EXP_8 |7 1 |9 54706 |a Arxiu |b Arxiu |d 2016-12-01 |l 0 |o 81, exp. 8 |p 17545 |r 2016-12-01 00:00:00 |w 2016-12-01 |y ARXIU | ||
| 999 | |c 58575 |d 58575 | ||